000
00210 a2200109 4500
020
_a
9780971281684
041
_a
spa
100
_a
Carole Olson
245
_a
Despertar ala Lectura
942
_c
BK
952
_7
1
999
_c
23034
_d
23034